000 00924nam a2200265Ia 4500
003 OSt
005 20210510125640.0
008 210310s2010 pe gr 000 0 spa d
020 _a9789972224188
040 _aCO-JMCR
_cCO-JMCR
041 0 _aspa
082 0 4 _a343.07 /
_bB935d
_223
100 1 _aBullard González, Alfredo,
_917220
_eautor
245 1 0 _aDerecho y economía, el análisis económico de las instituciones legales /
_cAlfredo Bullard González ; prólogo de Fernando deTrazegnies
260 _aLima :
_bPalestra Editores,
_c2010
300 _a1305 páginas ;
_c24 cm.
650 1 4 _aDerecho y economía
_917222
650 2 4 _aTeoría económica
_937514
650 2 4 _aDerecho de propiedad
_937515
650 2 4 _aContratos (Derecho civil)
_937516
650 2 4 _aResponsabilidad civil
_937517
650 2 4 _aLibre comercio
_92688
700 1 _aTrazegnies, Fernando de,
_eprologuista
_937518
942 _2ddc
_cBK
999 _c8421
_d8421